200 suosituinta miesten nimeä alkukirjaimella K - Statistics

Yleistilastot
  • Tätä visaa on pelattu 310 kertaa
  • Keskiarvotulos 54 / 200
Vastaustilastot
% Oikein
Ka
99%
Kalle
93%
Kai
92%
Kaj
92%
Kay
92%
Khai
92%
Kim
92%
Kari
90%
Kale
89%
Kimmo
89%
Kalev
85%
Keijo
85%
Kalevi
84%
Kimi
78%
Kaarlo
76%
Karlo
76%
Kaspar
74%
Kasper
74%
Kaarle
71%
Konsta
71%
Kustaa
71%
Karri
70%
Kaapo
69%
Kasperi
69%
Ken
69%
Kris
69%
Kullervo
69%
Kalervo
66%
Kristian
66%
Kristjan
66%
Kyösti
66%
Kusti
65%
Karl
63%
Kauno
63%
Kauko
62%
Kosti
62%
Kaino
61%
Kerkko
61%
Konstantin
53%
Kuu
52%
Kennet
51%
Kenneth
51%
Kustavi
51%
Klaus
49%
Kuisma
49%
Kaappo
48%
Karam
48%
Kareem
48%
Karim
48%
Kerem
48%
Kerim
48%
Keimo
46%
Kristo
46%
Kari-Pekka
43%
Kaleva
42%
Kaapro
41%
Kurt
40%
Kevin
39%
Kiril
38%
Kirill
38%
Kristof
38%
Krzysztof
38%
Kirka
37%
Kristofer
37%
Kristoffer
37%
Kristopher
37%
Karo
36%
Kunto
34%
Kasimir
33%
Kasmir
33%
Kaan
31%
Kari-Matti
31%
Krister
31%
Kaijus
30%
Kaius
30%
Kajus
30%
Kaspian
29%
Kent
28%
Kenth
28%
Kasem
27%
Kasim
27%
Kassu
27%
Knut
25%
Knuut
25%
Kare
22%
Kåre
22%
Kille
22%
Kaaleppi
21%
Kirmo
20%
Klas
20%
Kuuno
20%
Karinpoika
19%
Khoi
18%
Klemetti
18%
Kivi
17%
Kjell
17%
Kajo
16%
Kalle-Pekka
16%
Karl-Erik
16%
Keni
16%
Kenny
16%
Kuura
16%
Kaukomieli
14%
Karlos
13%
Kelvin
13%
Kamal
12%
Kamel
12%
Kamil
12%
Kemal
12%
Kuutti
12%
Kie
11%
Klemens
11%
Kaimo
10%
Karl-Johan
10%
Kauri
8%
Kostia
8%
Kaaleb
7%
Kaiho
7%
Kaleb
7%
Kalid
7%
Karhu
7%
Karl-Gustav
7%
Khaalid
7%
Khaled
7%
Khalid
7%
Konrad
7%
Kössi
7%
Kaj-Erik
6%
Keith
6%
Koitto
6%
Kosmo
6%
Kumar
6%
Kyle
6%
Kaiku
5%
Karel
5%
Karol
5%
Kaveh
5%
Kawa
5%
Khan
5%
Khang
5%
Khanh
5%
Kaapriel
4%
Khoa
4%
King
4%
Kit
4%
Koa
4%
Koda
4%
Kojo
4%
Kosmos
4%
Kaamos
3%
Kaarne
3%
Kanerva
3%
Kelpo
3%
Kian
3%
Kieran
3%
Kiran
3%
Kunnari
3%
Kanervo
2%
Karolus
2%
Karsten
2%
Keanu
2%
Khaleel
2%
Khalil
2%
Kien
2%
Kilian
2%
Konstantinos
2%
Kosma
2%
Kotivalo
2%
Kristen
2%
Kader
1%
Kadir
1%
Kaito
1%
Kamran
1%
Karan
1%
Karrar
1%
Kenan
1%
Kenzo
1%
Khadar
1%
Khalaf
1%
Khalif
1%
Khudhair
1%
Kouta
1%
Kabir
0%
Kadhim
0%
Kallas
0%
Kamau
0%
Karwan
0%
Karzan
0%
Kasten
0%
Kebba
0%
Khac
0%
Kiet
0%
Kingsley
0%
Kofi
0%
Krishna
0%
Kwabena
0%
Kwaku
0%
Kwame
0%
Kweku
0%
Kwesi
0%
Ehtoja vastaavia visoja ei löytynyt
Tulosjakauma
Jokaisen tuloksen saaneiden osuus
Persentiili vastausten määrän mukaan
Tuloshistoriasi
Et ole pelannut tätä visaa